| 000 | 00351nam a22001577a 4500 | ||
|---|---|---|---|
| 003 | SGT | ||
| 020 | _a978-93-85891-59-5 | ||
| 082 |
_a618.1 _bD16K |
||
| 100 | _aKONAR, HIRALAL | ||
| 245 | _aDC. DUTTA'S TB. OF GYNECOLOGY | ||
| 250 | _a7TH | ||
| 260 |
_aINDIA _bJAYPEE PUB _c2016 |
||
| 300 | _a574 | ||
| 650 | _aOBSTETRICS | ||
| 942 |
_2ddc _cBK _010 |
||
| 999 |
_c18737 _d18737 |
||